| 000 | 00850cam a22002534a 4500 | ||
|---|---|---|---|
| 001 | 4995780 | ||
| 005 | 20241030180321.0 | ||
| 008 | 990429s2000 maua 001 0 eng | ||
| 020 |
_a007228336X (student ed) _qHardcover |
||
| 020 | _z0072283178 (annotated instructor's ed) | ||
| 050 | 0 | 0 |
_aHG4026 _b.B589 2000 |
| 082 | 0 | 0 |
_a658.15 _221 |
| 100 | 1 | _aBlock, Stanley B. | |
| 245 | 1 | 0 |
_aFoundations of financial management / _cStanley B. Block, Geoffrey A. Hirt. |
| 250 | _a9th ed. | ||
| 260 |
_aBoston : _bIrwin/McGraw-Hill, _c2000. |
||
| 300 |
_axxx, 682 p. : _bill. (some col.) ; _c26 cm. |
||
| 440 | 4 | _aThe Irwin series in finance, insurance, and real estate | |
| 500 | _aAppendixes A-D (1 leaf folded) inserted. | ||
| 500 | _aIncludes index. | ||
| 650 | 0 |
_aCorporations _xFinance. |
|
| 700 | 1 | _aHirt, Geoffrey A. | |
| 942 |
_2lcc _cBK _e9th Ed. _n0 |
||
| 999 |
_c403 _d403 |
||